000
00412nam a2200133Ia 4500
008
100328s9999 xx 000 0 und d
082
_b
6132
100
_a
सरदेसाई लक्ष्मणराव
245
_a
ढासळलेले बुरुज
260
_b
---
630
_a
ढासळलेले बुरुज
730
_a
ढासळलेले बुरुज
942
_c
BOOK
999
_c
502071
_d
502068